000 00546nam a22001937a 4500
999 _c18001
_d18001
003 AR-CdUCM
008 190511b ||||| |||| 00| 0 spa d
040 _aMUNICIPALIDAD PROVINCIAL DEL CUSCO
_cBIBLIOTECA MUNICIPAL DEL CUSCO
082 _aPI / 808.83 /
_bAN61
110 _aEditorial navarrete.
_918381
245 _aAnimales astronautas /
260 _bNavarrete,
300 _c32 cm.
500 _aTexto sin numeración.
650 _aCuentos.
_9217
650 _aAstronautas.
_933793
942 _2ddc
_cLIBROS
945 _arum
_d2019-05-11